000 00676nam a2200181Ia 4500
008 100921s9999 xx 000 0 und d
082 _b39190
_a808.5 0
100 _aरघुवंशी रमेश.
245 _aसंभाषणचतुर कसे व्हावे ?.
260 _bरघुवंशी प्रकाशन, पुणे.
_c0
300 _a66
_b---
365 _b21
520 _aललित-भाषणकला.
630 _aसंभाषणचतुर कसे व्हावे ?.
650 _aललित-भाषणकला.
730 _aसंभाषणचतुर कसे व्हावे ?.
942 _cBOOK
999 _c788303
_d788300